000
00284nam a22001337a 4500
008
181029b xxu||||| |||| 00| 0 eng d
020
_a
9781582880419
041
_a
eng
080
_a
940
100
_a
16
101
_a
SHH
245
_a
Royal Panoply
_c
Erickson,C
942
_2
udc
_c
BK
999
_c
50960
_d
50960